| 000 | 00658nam a2200205 a 4500 | ||
|---|---|---|---|
| 005 | 20220904191755.0 | ||
| 008 | 041110s19761999mx r 000 0 spa d | ||
| 020 | _a9700719669 | ||
| 035 | _aUPN01000136307 | ||
| 049 | _aCG | ||
| 050 | 4 |
_aPQ2168 A6.3 _bP3.4 |
|
| 100 | 1 |
_aBalzac, Honoré de, _d1799-1850 |
|
| 245 | 1 | 0 |
_aPapá Goriot / _cHonorato de Balzac ; pról. de Rafael Solana ; tr. y notas de F. Benach. |
| 260 |
_aMéxico : _bPorrúa, _c1976 (1999 impr.) |
||
| 300 | _axxiii, 168 p. | ||
| 440 | 0 |
_aSepan cuantos ; _v314 |
|
| 650 | 0 |
_aLiteratura francesa _ySiglo XIX _912797 |
|
| 700 | 1 |
_aSolana Salcedo, Rafael, _d1915-1992 _940562 |
|
| 905 | _aLibro | ||
| 999 |
_c108458 _d108458 |
||